[Event "BAN-chT Golden Jubilee 2021-22"]
[Site "Dhaka"]
[Date "2022.03.18"]
[Round "9.19"]
[White "Harshad S"]
[Black "Narayanan, Srinath"]
[Result "0-1"]
[WhiteElo "2328"]
[BlackElo "2553"]
[Annotator "TA"]
[PlyCount "88"]
[EventDate "2022.03.10"]
[EventType "team-tourn"]
[EventCountry "BAN"]
[SourceTitle "playchess.com"]
[Source "ChessBase"]
[SourceQuality "1"]

{[%evp 10,88,41,41,30,24,24,28,19,-27,-9,-11,11,-44,-30,-20,-22,-36,-22,-82,-64,-111,-98,-122,-125,-144,-143,-149,-160,-184,-177,-219,-194,-287,-294,-419,-59,-283,-278,-278,-124,-129,-88,-91,-81,-73,-73,-110,-104,-118,-122,-271,-264,-259,-256,-306,-305,-478,-481,-469,-469,-900,-873,-901,-903,-903,-907,-902,-879,-840,-836,-783,-777,-7218,-6480,-6318,-6307,-5792,-5375,-1302,-950]} 1. e4 e5 2. Nf3 Nc6 3. Bb5 a6 4. Ba4 Bc5 5. O-O d6 6. c3 Bg4 {6...Bd7 is setting a new trend. C70: Ruy Lopez: 3...a6 4 Ba4, Norwegian and Delayed Schliemann.} 7. h3 Bh5 8. g4 Bg6 {[#] White has an edge.} 9. d3 $146 (9. d4 $142 Ba7 10. dxe5) ({Predecessor:} 9. d4 exd4 10. cxd4 Ba7 11. d5 b5 12. dxc6 bxa4 13. Qxa4 Bb6 14. Nc3 Ne7 15. Bf4 {1-0 (31) Heng,J (1921)-Zanin,C (1357) Europe Echecs INT 2021}) 9... h5 $11 10. g5 h4 11. b4 (11. d4 $11 exd4 12. cxd4) 11... Ba7 12. Be3 Bh5 {[%cal Of7f5]} 13. Nbd2 Nge7 14. Bxc6+ (14. Bxa7 Rxa7 15. Bxc6+ bxc6 $15) (14. Kh2 $11 {keeps the balance.}) 14... Nxc6 15. a4 (15. Qe1 $15) 15... f5 $1 $17 16. b5 Ne7 17. bxa6 bxa6 18. exf5 Qc8 19. Qb3 (19. Bxa7 Rxa7 20. Qe2 Qxf5) 19... Qxf5 20. Qb7 (20. Bxa7 {might work better.} Bxf3 21. Nxf3 Qxf3 22. Be3) 20... O-O $19 21. Nxh4 (21. Bxa7 $142 Bxf3 22. Nxf3 Qxf3 23. Qxf3 Rxf3 24. Be3) 21... Qxh3 (21... Qxd3 22. Bxa7 Qxd2 23. Be3 $17) 22. Ng2 (22. Qh1 {was forced.} Qg4+ 23. Ng2) 22... Bc5 $2 ({Black should try} 22... Bxe3 $19 23. Nxe3 Be2) 23. d4 $2 {[#]} (23. Bxc5 $15 dxc5 24. Rae1) 23... Rab8 $1 24. Qe4 {[#]} Rb2 25. dxc5 $17 {[#]} Rxd2 $40 {[%mdl 640] Black is out for blood. Dancing on a razor blade.} 26. Qh4 (26. Bxd2 $2 {loses.} Bf3 27. Qxf3 Qxf3 $19) 26... Qxh4 {Black is much more active. White has bad knights.} 27. Nxh4 Rd3 {White must now prevent ...d5.} 28. c4 dxc5 29. Bxc5 {[#]} Rh3 $1 30. Ng2 {[#]} (30. Bxe7 $17 {is a better defense.} Rxh4 31. g6 (31. Bxf8 $2 {is a self mate.} Bf3 32. g6 Rh1#) 31... Rg4+ 32. Kh2) 30... Bf3 $1 $19 {[%cal Of8f4] ( -> ...Rf4!)} 31. Ra3 (31. Bxe7 {leads to mate.} Rf4 32. Rfd1 Rg4 33. Rd8+ Kh7 34. g6+ Rxg6) 31... Re8 32. Re1 Ng6 33. Re4 (33. Rxf3 $142 Rxf3 34. Rb1) 33... Bxe4 {Black is clearly winning.} 34. Rxh3 Bxg2 35. Kxg2 {[%mdl 4096] Endgame KRB-KRN} (35. Re3 $142 Bc6 36. Bb4) 35... Nf4+ 36. Kh2 Nxh3 37. Kxh3 {KR-KB} g6 38. Kg4 Rb8 39. Kf3 Kf7 {And now ...Rb3+ would win.} 40. Ke4 Ke6 41. a5 Rb3 42. Be3 Rc3 43. c5 Rc4+ 44. Kd3 Kd5 {Weighted Error Value: White=0.59/Black=0.18 (very precise)} 0-1

[Event "BAN-chT Golden Jubilee 2021-22"]
[Site "Dhaka"]
[Date "2022.03.18"]
[Round "9.20"]
[White "Anata, Choudhury"]
[Black "Mihir Lal, Das"]
[Result "1-0"]
[WhiteElo "2170"]
[BlackElo "2006"]
[Annotator "NA"]
[PlyCount "83"]
[EventDate "2022.03.10"]
[EventType "team-tourn"]
[EventCountry "BAN"]
[SourceTitle "playchess.com"]
[Source "ChessBase"]
[SourceQuality "1"]
[TimeControl "40/5400+30:1800+30"]

1. e4 {[%emt 0:00:02]} c5 {[%emt 0:03:23]} 2. Nf3 {[%emt 0:00:22]} d6 {[%emt 0:00:02]} 3. d4 {[%emt 0:00:13]} cxd4 {[%emt 0:00:02]} 4. Nxd4 {[%emt 0:00:11]} Nf6 {[%emt 0:00:02]} 5. Nc3 {[%emt 0:00:13]} a6 {[%emt 0:00:03]} 6. h3 {[%emt 0:00:17]} b5 {[%emt 0:02:13]} 7. g4 {[%emt 0:00:26]} h6 {[%emt 0:03:55]} 8. Bg2 {[%emt 0:00:14]} Bb7 {[%emt 0:00:09]} 9. O-O {[%emt 0:00:41]} e6 {[%emt 0:02:38]} 10. Re1 {[%emt 0:06:18]} Qc7 {[%emt 0:05:13]} 11. f4 {[%emt 0:03:19]} Nc6 {[%emt 0:04:50]} 12. Nxc6 {[%emt 0:04:19]} Qxc6 {[%emt 0:01:34]} 13. a4 {[%emt 0:00:25]} b4 {[%emt 0:03:59]} 14. Nd5 {[%emt 0:00:24]} O-O-O {[%emt 0:02:10]} 15. Nxf6 {[%emt 0:07:52]} gxf6 {[%emt 0:00:04]} 16. Be3 {[%emt 0:00:10]} h5 {[%emt 0:12:19]} 17. c3 {[%emt 0:00:18]} b3 {[%emt 0:03:01]} 18. Qxb3 {[%emt 0:00:53]} hxg4 {[%emt 0:01:15]} 19. hxg4 {[%emt 0:00:22]} Rh4 {[%emt 0:05:24]} 20. Qb6 {[%emt 0:01:51]} Rxg4 {[%emt 0:02:03]} 21. Qxc6+ {[%emt 0:00:26]} Bxc6 {[%emt 0:00:02]} 22. Kf2 {[%emt 0:00:46]} Bh6 {[%emt 0:07:03]} 23. Bf3 {[%emt 0:01:23]} Rg6 {[%emt 0:02:27]} 24. c4 {[%emt 0:08:32]} Rdg8 {[%emt 0:04:20]} 25. Rh1 {[%emt 0:05:25]} e5 {[%emt 0:15:19]} 26. f5 {[%emt 0:02:11]} Bxe3+ {[%emt 0:01:47]} 27. Kxe3 {[%emt 0:02:03]} Rg3 {[%emt 0:01:14]} 28. Rh6 {[%emt 0:02:12]} Kd7 {[%emt 0:05:25]} 29. Rxf6 {[%emt 0:00:48]} Ke7 {[%emt 0:00:10]} 30. Rh6 {[%emt 0:00:30]} Rb8 {[%emt 0:00:39]} 31. Kf2 {[%emt 0:03:56]} Rgg8 {[%emt 0:00:04]} 32. Ra2 {[%emt 0:04:43]} Rb4 {[%emt 0:00:56]} 33. b3 {[%emt 0:03:20]} Rxb3 {[%emt 0:06:37]} 34. Rd2 {[%emt 0:00:40]} Bxa4 {[%emt 0:01:54]} 35. Rhxd6 {[%emt 0:00:36]} Ra8 {[%emt 0:04:56]} 36. f6+ {[%emt 0:01:29]} Ke8 {[%emt 0:00:16]} 37. R2d5 {[%emt 0:00:32]} Rc3 {[%emt 0:00:37]} 38. Rxe5+ {[%emt 0:00:17]} Kf8 {[%emt 0:00:01]} 39. Rh5 {[%emt 0:01:01]} Kg8 {[%emt 0:00:01]} 40. Rdd5 {[%emt 0:00:00]} Rxf3+ {[%emt 0:00:00]} 41. Kxf3 {[%emt 0:00:38]} Bd1+ {[%emt 0:02:47]} 42. Rxd1 {[%emt 0:00:23]} 1-0

[Event "BAN-chT Golden Jubilee 2021-22"]
[Site "Dhaka"]
[Date "2022.03.18"]
[Round "9.21"]
[White "abzid, Rahman"]
[Black "Islam, Khandaker Aminul"]
[Result "1/2-1/2"]
[WhiteElo "2106"]
[BlackElo "2153"]
[Annotator "ChessBase"]
[PlyCount "136"]
[EventDate "2022.03.10"]
[EventType "team-tourn"]
[EventCountry "BAN"]
[SourceTitle "playchess.com"]
[Source "ChessBase"]
[SourceQuality "1"]
[TimeControl "40/5400+30:1800+30"]

1. d4 {[%emt 0:00:04]} d6 {[%emt 0:00:22]} 2. Nf3 {[%emt 0:00:23]} g6 {[%emt 0:00:22]} 3. Bf4 {[%emt 0:01:49]} Bg7 {[%emt 0:00:25]} 4. e3 {[%emt 0:00:07]} Nd7 {[%emt 0:00:13]} 5. Be2 {[%emt 0:02:39]} e5 {[%emt 0:00:55]} 6. Bg5 {[%emt 0:02:11]} Ne7 {[%emt 0:00:53]} 7. O-O {[%emt 0:02:06]} h6 {[%emt 0:00:37]} 8. Bh4 {[%emt 0:00:07]} O-O {[%emt 0:04:21]} 9. dxe5 {[%emt 0:07:21]} dxe5 {[%emt 0:00:09]} 10. Nfd2 {[%emt 0:10:01]} g5 {[%emt 0:22:30]} 11. Bg3 {[%emt 0:00:13]} Nf5 {[%emt 0:02:40]} 12. c4 {[%emt 0:02:52]} Nc5 {[%emt 0:00:58]} 13. Nc3 {[%emt 0:00:47]} Nxg3 {[%emt 0:06:25]} 14. fxg3 {[%emt 0:07:07]} f5 {[%emt 0:01:03]} 15. Qc2 {[%emt 0:04:11]} g4 {[%emt 0:04:16]} 16. b4 {[%emt 0:07:01]} Ne6 {[%emt 0:02:06]} 17. c5 {[%emt 0:06:11]} Qg5 {[%emt 0:14:07]} 18. Nc4 {[%emt 0:01:05]} h5 {[%emt 0:04:33]} 19. Rad1 {[%emt 0:19:25]} a5 {[%emt 0:06:55]} 20. a3 {[%emt 0:04:10]} axb4 {[%emt 0:00:42]} 21. axb4 {[%emt 0:00:03]} f4 {[%emt 0:03:35]} 22. Qe4 {[%emt 0:01:24]} Qf5 {[%emt 0:06:21]} 23. Qxf5 {[%emt 0:05:05]} Rxf5 {[%emt 0:00:01]} 24. Nd5 {[%emt 0:00:18]} Rf7 {[%emt 0:06:49]} 25. gxf4 {[%emt 0:00:51]} exf4 {[%emt 0:00:07]} 26. Nxf4 {[%emt 0:03:02]} Nxf4 {[%emt 0:03:57]} 27. Rd8+ {[%emt 0:02:50]} Rf8 {[%emt 0:01:13]} 28. Rxf8+ {[%emt 0:00:16]} Kxf8 {[%emt 0:00:13]} 29. Rxf4+ {[%emt 0:00:46]} Ke7 {[%emt 0:00:21]} 30. Re4+ {[%emt 0:04:14]} Kd8 {[%emt 0:04:22]} 31. Na5 {[%emt 0:01:23]} Bc3 {[%emt 0:01:17]} 32. Bb5 {[%emt 0:00:30]} c6 {[%emt 0:00:33]} 33. Bf1 {[%emt 0:04:35]} Kc7 {[%emt 0:00:46]} 34. Re7+ {[%emt 0:01:30]} Bd7 {[%emt 0:01:55]} 35. Nc4 {[%emt 0:00:46]} Re8 {[%emt 0:00:44]} 36. Rxe8 {[%emt 0:00:24]} Bxe8 {[%emt 0:00:07]} 37. Nd6 {[%emt 0:00:22]} Bg6 {[%emt 0:00:16]} 38. b5 {[%emt 0:00:16]} Bb4 {[%emt 0:00:24]} 39. bxc6 {[%emt 0:00:23]} bxc6 {[%emt 0:00:33]} 40. Kf2 {[%emt 0:00:00]} Bxc5 {[%emt 0:00:00]} 41. Nc4 {[%emt 0:01:00]} Bf7 {[%emt 0:02:05]} 42. h3 {[%emt 0:07:46]} gxh3 {[%emt 0:05:05]} 43. gxh3 {[%emt 0:00:17]} Be8 {[%emt 0:00:18]} 44. Bg2 {[%emt 0:01:47]} Be7 {[%emt 0:00:21]} 45. Ke2 {[%emt 0:01:11]} c5 {[%emt 0:00:31]} 46. Kd3 {[%emt 0:01:18]} Bb5 {[%emt 0:00:28]} 47. Bf3 {[%emt 0:00:52]} h4 {[%emt 0:00:18]} 48. Kc3 {[%emt 0:01:24]} Bf6+ {[%emt 0:00:22]} 49. Kb3 {[%emt 0:00:55]} Bd7 {[%emt 0:00:19]} 50. Bg2 {[%emt 0:00:20]} Be6 {[%emt 0:00:01]} 51. Bf1 {[%emt 0:00:52]} Kc6 {[%emt 0:02:56]} 52. Kc2 {[%emt 0:01:25]} Kb5 {[%emt 0:03:08]} 53. Ne5+ {[%emt 0:01:11]} c4 {[%emt 0:01:26]} 54. Bxc4+ {[%emt 0:00:18]} Bxc4 {[%emt 0:00:35]} 55. Nxc4 {[%emt 0:00:07]} Kxc4 {[%emt 0:00:03]} 56. Kd2 {[%emt 0:00:15]} Kd5 {[%emt 0:00:17]} 57. Ke2 {[%emt 0:00:32]} Ke4 {[%emt 0:00:02]} 58. Kf2 {[%emt 0:00:09]} Be5 {[%emt 0:00:14]} 59. Kg2 {[%emt 0:00:41]} Bg3 {[%emt 0:00:02]} 60. Kg1 {[%emt 0:00:27]} Kf3 {[%emt 0:00:05]} 61. e4 {[%emt 0:00:22]} Be5 {[%emt 0:00:01]} 62. Kh1 {[%emt 0:00:21]} Kg3 {[%emt 0:00:02]} 63. Kg1 {[%emt 0:00:11]} Kxh3 {[%emt 0:00:05]} 64. Kh1 {[%emt 0:00:10]} Kg3 {[%emt 0:00:01]} 65. Kg1 {[%emt 0:00:22]} h3 {[%emt 0:00:06]} 66. Kh1 {[%emt 0:00:04]} Kf3 {[%emt 0:00:51]} 67. Kg1 {[%emt 0:00:02]} h2+ {[%emt 0:01:19]} 68. Kh1 {[%emt 0:00:01]} Kf2 {[%emt 0:00:09]} 1/2-1/2

[Event "BAN-chT Golden Jubilee 2021-22"]
[Site "Dhaka"]
[Date "2022.03.18"]
[Round "9.22"]
[White "Mohammad Minhaz Uddin"]
[Black "Srijit Paul"]
[Result "0-1"]
[WhiteElo "2267"]
[BlackElo "2419"]
[Annotator "TA"]
[PlyCount "74"]
[EventDate "2022.03.10"]
[EventType "team-tourn"]
[EventCountry "BAN"]
[SourceTitle "playchess.com"]
[Source "ChessBase"]
[SourceQuality "1"]

{[%evp 17,74,17,18,23,25,33,83,29,23,20,17,9,13,-25,10,-22,-22,-40,10,10,60,40,172,174,198,181,185,200,181,195,172,166,160,116,135,76,88,-169,-169,-178,-178,-196,-197,-181,-174,-180,-199,-206,-198,-187,-191,-198,-198,-417,-368,-428,-374,-489,-433]} 1. e4 c5 2. Nf3 e6 3. d4 cxd4 4. Nxd4 Nc6 5. Nc3 a6 6. Nxc6 bxc6 7. Bd3 d5 8. O-O Nf6 9. Qe2 Be7 10. b3 {B46: Sicilian: Taimanov: 5 Nc3 a6.} Nd7 11. Na4 Bf6 {[#]} (11... O-O $14) 12. Rb1 $146 (12. Ba3 $16) ({Predecessor:} 12. c3 O-O 13. f4 e5 14. Qf3 Bb7 15. Be3 Re8 16. Rae1 Bh4 17. Rd1 Qe7 18. Qh3 exf4 19. Bxf4 {½-½ (28) Rinesi,M (2417)-Weisskohl,J (2427) Canada 2001}) 12... O-O $1 $11 13. c4 d4 14. f4 {Threatens to win with e5.} e5 $1 15. f5 Bg5 16. Qh5 Bxc1 17. Rbxc1 Qe7 (17... a5 $1 $15) 18. c5 Rb8 {Prevents Nb6.} ({Black should play} 18... a5 $1 $11) 19. Rf3 {[%cal Oa4b6]} Rb4 {Prevents Nb6.} (19... h6 $14) 20. g4 $18 ({Much less strong is} 20. Rh3 $6 h6 $14) 20... h6 {[%cal Bh7h6,Bh6g5,Bg5h4][%mdl 32]} 21. Nb6 $1 Qg5 ({Less strong is} 21... Nxb6 22. cxb6 Qg5 23. Qxg5 (23. Rxc6 Qd2 $16) 23... hxg5 24. Rxc6) (21... Nxc5 $2 22. Nxc8 Rxc8 23. f6 gxf6 24. Qxh6 $18) 22. Qxg5 hxg5 23. Nxd7 Bxd7 24. Bc4 $1 a5 25. a3 (25. Kg2 $142 $1) 25... Rbb8 $16 {[#]} 26. h4 (26. Kg2 $142 $1) 26... gxh4 {[%cal Og7g6] [#]} 27. Kf2 $2 {[%mdl 8192]} (27. g5 $1 $16 {[%cal Rg5g6] stays on course.}) 27... g5 $19 28. fxg6 Be6 {aiming for ...Kg7.} 29. gxf7+ Bxf7 30. Rxf7 Rxf7+ {[%mdl 4096] Endgame KRR-KRB} 31. Kg2 Kg7 32. Bxf7 Kxf7 {KR-KR} 33. Rf1+ Ke6 34. Rf3 Rb5 35. g5 $2 (35. b4) 35... Rxc5 36. g6 {Intending g7 and mate.} Rc2+ 37. Kf1 {Black must now prevent g7.} (37. Kh3 Rc3 38. Kg4 Rxf3 39. Kxf3 Kf6 40. b4 axb4 41. g7 Kxg7 42. axb4 Kg6 43. Kg4 d3 44. Kf3 h3 45. Ke3 h2 46. b5 h1=Q 47. Kxd3 cxb5 48. Kc2 Qxe4+ 49. Kc3 Qd4+ 50. Kb3 e4 51. Ka2 e3 52. Ka3 e2 53. Ka2 e1=Q 54. Kb3 Qb1+ 55. Ka3 Qe3#) 37... Rc3 {Weighted Error Value: White=0.43/Black=0.17 (very precise)} 0-1

[Event "BAN-chT Golden Jubilee 2021-22"]
[Site "Dhaka"]
[Date "2022.03.18"]
[Round "9.24"]
[White "Subrota, Biswas"]
[Black "Asif, Mahmud"]
[Result "1-0"]
[WhiteElo "2202"]
[BlackElo "1928"]
[Annotator "ChessBase"]
[PlyCount "115"]
[EventDate "2022.03.10"]
[EventType "team-tourn"]
[EventCountry "BAN"]
[SourceTitle "playchess.com"]
[Source "ChessBase"]
[SourceQuality "1"]
[TimeControl "40/5400+30:1800+30"]

1. d4 {[%emt 0:00:15]} Nf6 {[%emt 0:00:12]} 2. c4 {[%emt 0:01:33]} e6 {[%emt 0:00:15]} 3. Nf3 {[%emt 0:00:03]} d5 {[%emt 0:00:12]} 4. g3 {[%emt 0:00:01]} Bb4+ {[%emt 0:00:24]} 5. Bd2 {[%emt 0:00:06]} Be7 {[%emt 0:00:12]} 6. Bg2 {[%emt 0:00:02]} O-O {[%emt 0:00:42]} 7. Qc2 {[%emt 0:00:11]} a6 {[%emt 0:02:11]} 8. O-O {[%emt 0:04:08]} dxc4 {[%emt 0:06:30]} 9. Qxc4 {[%emt 0:00:15]} b5 {[%emt 0:00:30]} 10. Qc2 {[%emt 0:00:01]} Bb7 {[%emt 0:00:22]} 11. Rc1 {[%emt 0:00:03]} Bd6 {[%emt 0:05:44]} 12. Bg5 {[%emt 0:03:51]} Nbd7 {[%emt 0:10:12]} 13. Nbd2 {[%emt 0:00:01]} Re8 {[%emt 0:13:32]} 14. Nb3 {[%emt 0:10:12]} h6 {[%emt 0:03:33]} 15. Na5 {[%emt 0:04:39]} Bd5 {[%emt 0:03:54]} 16. Nc6 {[%emt 0:00:02]} Qc8 {[%emt 0:03:38]} 17. Bd2 {[%emt 0:00:56]} e5 {[%emt 0:11:49]} 18. dxe5 {[%emt 0:01:38]} Nxe5 {[%emt 0:35:38]} 19. Nfxe5 {[%emt 0:04:19]} Bxe5 {[%emt 0:00:00]} 20. Bxd5 {[%emt 0:00:41]} Nxd5 {[%emt 0:00:00]} 21. e4 {[%emt 0:01:57]} Nb6 {[%emt 0:00:00]} 22. f4 {[%emt 0:01:17]} Bd6 {[%emt 0:00:00]} 23. e5 {[%emt 0:04:17]} Bf8 {[%emt 0:00:00]} 24. b3 {[%emt 0:07:17]} Qh3 {[%emt 0:00:00]} 25. Qe4 {[%emt 0:01:17]} f6 {[%emt 0:00:00]} 26. Rc2 {[%emt 0:07:13]} fxe5 {[%emt 0:00:00]} 27. fxe5 {[%emt 0:00:02]} Nd7 {[%emt 0:00:00]} 28. Re1 {[%emt 0:02:18]} Bc5+ {[%emt 0:00:00]} 29. Kh1 {[%emt 0:00:31]} Rf8 {[%emt 0:00:00]} 30. Bf4 {[%emt 0:00:30]} Rae8 {[%emt 0:00:00]} 31. e6 {[%emt 0:03:27]} Bd6 {[%emt 0:00:00]} 32. Qg2 {[%emt 0:02:08]} Qxg2+ {[%emt 0:03:05]} 33. Kxg2 {[%emt 0:00:02]} Nc5 {[%emt 0:00:09]} 34. e7 {[%emt 0:01:08]} Rf7 {[%emt 0:00:18]} 35. Bxd6 {[%emt 0:02:18]} cxd6 {[%emt 0:00:09]} 36. Rd2 {[%emt 0:00:02]} Nb7 {[%emt 0:01:00]} 37. b4 {[%emt 0:00:01]} Rf6 {[%emt 0:01:58]} 38. Rd5 {[%emt 0:06:52]} Kf7 {[%emt 0:00:31]} 39. g4 {[%emt 0:03:07]} g6 {[%emt 0:00:45]} 40. Rd4 {[%emt 0:00:00]} Kg7 {[%emt 0:00:00]} 41. Rd5 {[%emt 0:10:35]} Kf7 {[%emt 0:02:44]} 42. Re3 {[%emt 0:01:01]} Re6 {[%emt 0:07:01]} 43. Rf3+ {[%emt 0:00:39]} Rf6 {[%emt 0:00:34]} 44. Ra3 {[%emt 0:00:49]} Ke6 {[%emt 0:05:39]} 45. Rd4 {[%emt 0:00:37]} a5 {[%emt 0:03:52]} 46. bxa5 {[%emt 0:01:03]} Kd7 {[%emt 0:01:46]} 47. Rc3 {[%emt 0:00:06]} Kc7 {[%emt 0:03:38]} 48. Nb4+ {[%emt 0:02:04]} Kb8 {[%emt 0:00:59]} 49. a6 {[%emt 0:00:17]} Nc5 {[%emt 0:00:39]} 50. Rxc5 {[%emt 0:00:06]} Rxe7 {[%emt 0:03:44]} 51. Rxb5+ {[%emt 0:03:57]} Ka8 {[%emt 0:01:40]} 52. Rb8+ {[%emt 0:01:57]} Kxb8 {[%emt 0:01:52]} 53. Nc6+ {[%emt 0:00:06]} Ka8 {[%emt 0:00:08]} 54. Nxe7 {[%emt 0:00:05]} Re6 {[%emt 0:00:53]} 55. Nd5 {[%emt 0:01:27]} Re2+ {[%emt 0:00:10]} 56. Kg3 {[%emt 0:00:05]} Rxa2 {[%emt 0:00:09]} 57. Rb4 {[%emt 0:00:06]} Rc2 {[%emt 0:01:23]} 58. Rb7 {[%emt 0:00:07]} 1-0

[Event "BAN-chT Golden Jubilee 2021-22"]
[Site "Dhaka"]
[Date "2022.03.19"]
[Round "10.1"]
[White "Idani, Pouya"]
[Black "Islam, Khandaker Aminul"]
[Result "1-0"]
[WhiteElo "2621"]
[BlackElo "2153"]
[Annotator "TA"]
[PlyCount "55"]
[EventDate "2022.03.10"]
[EventType "team-tourn"]
[EventCountry "BAN"]
[SourceTitle "playchess.com"]
[Source "ChessBase"]
[SourceQuality "1"]

{[%evp 18,55,33,22,25,22,60,33,37,50,57,46,52,54,58,47,43,46,56,31,62,10,26,26,105,26,125,107,200,166,152,161,371,364,481,487,487,445,409,392]} 1. e4 {Ipatov,A} e5 2. Nf3 Nc6 3. Bb5 a6 4. Ba4 Nf6 5. d3 d6 6. c3 Bd7 7. O-O g6 8. Re1 Bg7 9. Nbd2 {[%cal Bb1d2,Bd2f1,Bf1g3][%mdl 32]} O-O 10. Nf1 h6 {C77: Ruy Lopez: 3...a6 4 Ba4 Nf6, unusual lines.} 11. Ng3 Qe8 {[#]} 12. Bb3 $146 ({Predecessor:} 12. h3 Nd8 13. Bb3 c5 14. d4 b5 15. dxe5 dxe5 16. Qd6 c4 17. Bc2 Nh7 18. b3 {½-½ (40) Stefansson,H (2602)-Ipatov,A (2624) Reykjavik 2015 CBM 170 [Ipatov,A]}) 12... a5 {White is slightly better.} 13. h3 Nb8 14. d4 a4 15. Bc2 Qe7 16. Be3 Re8 17. Qd2 Qf8 18. Nh2 Bc6 19. f4 (19. d5 $14 Bb5 20. b3) 19... exd4 $11 20. Bxd4 Nfd7 (20... Nbd7 $11 {keeps the balance.}) 21. Re3 {White is more active.} ({White should try} 21. Rf1 $16) 21... Na6 (21... Ne5 $11) 22. Rf1 $16 {Black must now prevent f5.} Qe7 (22... Bb5 $16) 23. Qf2 Bb5 24. Rfe1 Ne5 $2 {[#]} (24... Nac5) 25. Nf5 $1 $18 {[%mdl 512]} gxf5 (25... Qf8 26. Nxg7) 26. exf5 ({Inferior is} 26. fxe5 dxe5 27. exf5 Qd6 $11) 26... f6 {[%cal Oe7f8]} (26... c5 27. fxe5 dxe5 28. Bxe5) 27. fxe5 dxe5 28. Rg3 {Weighted Error Value: White=0.17 (very precise) /Black=0.41} 1-0

[Event "BAN-chT Golden Jubilee 2021-22"]
[Site "Dhaka"]
[Date "2022.03.19"]
[Round "10.2"]
[White "Mohammad Minhaz Uddin"]
[Black "Mchedlishvili, Mikheil"]
[Result "0-1"]
[WhiteElo "2267"]
[BlackElo "2587"]
[Annotator "TA"]
[PlyCount "120"]
[EventDate "2022.03.10"]
[EventType "team-tourn"]
[EventCountry "BAN"]
[SourceTitle "playchess.com"]
[Source "ChessBase"]
[SourceQuality "1"]

{[%evp 9,120,0,0,0,-2,-2,0,-13,-16,-33,-25,-38,-27,-30,-27,-25,-23,-46,-26,-55,-68,-74,-24,-15,-25,-76,-29,-26,-33,-11,-50,-97,-103,-88,-96,-106,-96,-154,-145,-143,-25,-89,-24,-8,0,-68,0,0,0,0,2347,1807,1691,0,0,0,0,0,0,-8,0,0,0,-255,-255,-255,-255,-255,-244,-346,-346,-346,-346,-346,-346,-346,-346,-345,-253,-456,-305,-305,-253,-485,-485,-797,-485,-10897,-11831,-2223,-485,-1047,-888,-29972,-29972,-29973,-29974,-29973,-29965,-29983,-29984,-29984,-29985,-29985,-29986,-29986,-29987,-29987,0,-29978,-29979,-29979,-29977]} 1. e4 c5 2. Nf3 d6 3. c4 e5 4. Nc3 Nc6 5. d3 g6 6. Be2 {B30: Sicilian: 2...Nc6 3 Bb5, lines without ...g6.} Bg7 7. O-O Nge7 8. Ne1 {The position is equal.} O-O 9. Nd5 Nxd5 10. cxd5 Nd4 11. Nc2 Nxe2+ 12. Qxe2 f5 {[%cal Bf7f5,Bf5f4][%mdl 32] [#]} 13. f3 $146 ({Predecessor:} 13. b4 cxb4 14. Nxb4 a5 15. Nc2 b5 16. Rb1 Ba6 17. a3 f4 18. f3 Qc7 19. Bb2 {½-½ (35) Ghaemmaghami,P (1723)-Lingur,Z (2009) Al Ain 2013}) 13... Bd7 14. Be3 f4 15. Bf2 h5 (15... g5 $17) 16. b4 $11 cxb4 17. Rfb1 (17. Nxb4 $11 g5 18. Rfc1) 17... g5 (17... a5 $17 18. a3 g5) 18. Rxb4 b6 19. a4 g4 20. fxg4 (20. Kh1 $15 {might be stronger.}) 20... hxg4 $17 21. g3 Qg5 22. Rc4 Rf7 23. Rc7 (23. a5 $142 bxa5 24. Rxa5) 23... Qd8 24. Rc4 a6 (24... Bf6 $1 $17 {And now ...Qf8 would win.} 25. Rf1 Qf8) 25. Nb4 (25. Rb4 $1 $11 {keeps the balance.}) 25... b5 ({Don't play} 25... f3 $6 26. Qb2 $11) ({Black should try} 25... Qg5 $17) 26. Nc6 $1 $11 Qf8 27. Rc2 ({White should play} 27. Rb4 $11) 27... Kh7 (27... Re8 $15) 28. axb5 axb5 29. Rxa8 Qc8 {[%mdl 8192]} 30. Rb8 Qxb8 31. Ra2 $2 (31. Nxb8 $18 f3 32. Qd2) 31... Qc8 32. Ra7 Be8 {[%cal Bd7e8,Be8f7,Bf7g6][%mdl 32]} 33. Rxf7 Bxf7 34. d4 b4 {[%cal Bb5b4,Bb4b3][%mdl 32] Strongly threatening ...b3.} 35. dxe5 dxe5 36. Qc4 {[%mdl 8192] [#]} (36. Nxb4 $11 {and White has nothing to worry.} Bg6 37. gxf4 exf4 38. Nc6) 36... b3 $1 $19 37. Qb5 {[#]} Qa8 $1 38. Na7 (38. gxf4 $2 Qa1+ 39. Kg2 b2 40. Qxb2 Qxb2 $19) 38... Bg6 39. gxf4 (39. Qxb3 $142 Bxe4 40. d6) 39... exf4 {( -> ...b2)} ({But not} 39... Bxe4 $2 40. Qxb3 Bxd5 41. Qd3+ Be4 42. Qb5 $19) 40. Qxb3 Bxe4 {White must now prevent ...Qe8.} 41. Qc4 Qxd5 42. Qxd5 Bxd5 {[%mdl 4096] Endgame KBB-KBN. A strong pair of Bishops.} 43. Nb5 Kg6 44. Nd4 $2 (44. Bd4 {was the only defense.}) 44... Bf8 45. Ne2 Bd6 46. Bh4 $2 (46. Bd4) 46... Kf5 {Hoping for ...Be5.} 47. Bf2 (47. Nc3 $142 Bc6 48. Bf2) 47... Bc4 48. Nc3 (48. Nd4+ $142 Ke4 49. Nc2) 48... Be5 49. Nb1 Bd5 (49... Ke4 $142 {Threatens to win with ...Kd3.} 50. Nd2+ Kd3) 50. Nd2 (50. Be1 $142) 50... Bc3 51. Nf1 Ke4 52. Bc5 Bc4 53. Kf2 Ba6 54. Kg2 f3+ 55. Kf2 Bxf1 56. Kxf1 Be5 57. Bg1 Bd4 58. Bf2 Be5 $2 (58... Bxf2 {mates} 59. Kxf2 Kf4 60. Ke1 Ke3 61. Kf1 f2 62. h3 g3 63. Kg2 Ke2 64. Kxg3 f1=Q 65. Kg4 Qf6 66. Kh5 Kf3 67. h4 Ke3 68. Kg4 Qg6+ 69. Kh3 Kf3 70. Kh2 Qg2#) 59. Bg3 $2 {[%mdl 8192]} (59. Bg1 $11 Bd4 60. Bxd4 Kxd4 61. Kf2 Ke4 62. Kg3 Ke3 63. Kxg4 f2 64. Kf5 Kd4 65. h4 f1=Q+ 66. Ke6 Qf3 67. h5 Qxh5 68. Kf6 Kd5 69. Ke7 Qg5+ 70. Ke8 Qg7 71. Kd8 Kd6 72. Ke8 Qg8#) 59... Bxg3 60. hxg3 Ke5 {What a fight!  Weighted Error Value: White=0.83/Black=0.36} 0-1